Konzert für Violine und Orchester B-Dur

Hlavní autor: Stamic, Karel, 1745-1801
Další autoři: Klengel, Paul, 1854-1935
Jazyk: Nelze použít, není lingvistický obsah
Vydáno: Leipzig : Breitkopf & Härtel, 1959
Edice: Edition Breitkopf
Fyzický popis: 11, 20 s.
Hudebniny Hudebniny
Uloženo v:
LEADER 01042ncm a22002532a 4500
001 001233765
003 CZ BrMZK
005 20130124144007.0
007 qu
008 120724s1959 gw |||||||||||||||||zxx d
040 |a BOA001  |b cze 
072 7 |a 787  |x Hudba pro strunné a smyčcové nástroje  |2 Konspekt  |9 9 
100 1 |a Stamic, Karel,  |d 1745-1801  |7 jn19990009993  |4 cmp 
245 1 0 |a Konzert für Violine und Orchester B-Dur  |h [hudebnina] /  |c Karel Stamic ; für Violine und Klavier neu bearbeitet und mit Kadenzen ausgestattet von Paul Klengel 
260 |a Leipzig :  |b Breitkopf & Härtel,  |c 1959 
300 |a 11, 20 s. 
490 1 |a Edition Breitkopf ;  |v Nr. 5251 
700 1 |a Klengel, Paul,  |d 1854-1935  |7 xx0023132  |4 arr 
830 0 |a Edition Breitkopf 
910 |a BOA001  |b Mus4-0449.830  |b Mus4-0566.117 
990 |a MU 
991 |b 201207 
996 7 |b 2619073355  |c Mus4-0449.830  |l MZK  |r Sklad / do 1 hodiny  |n 0  |w 001267670  |u 000010  |a 1  |e BOA001  |j MZK50  |s A 
996 7 |b 2619103139  |c Mus4-0566.117  |l MZK  |r Sklad / do 1 hodiny  |n 0  |w 001267670  |u 000020  |a 1  |e BOA001  |j MZK50  |s A